Meistbesuchte Länder von Japanern - Statistiken

Allgemein
  • Dieses Quiz wurde 29.386 mal gespielt
  • Das Durchschnittsergebnis liegt bei 11 aus 15
Antwortstatistiken
Reisende Land % Korrekt
6'100'000 Vereinigte Staaten
98%
5'200'000 China
97%
730'000 Deutschland
97%
730'000 Frankreich
91%
3'500'000 Südkorea
86%
350'000 Australien
84%
360'000 Spanien
83%
350'000 Italien
81%
1'400'000 Thailand
73%
450'000 Indonesien
70%
580'000 Vietnam
64%
410'000 Philippinen
54%
1'400'000 Taiwan
52%
470'000 Malaysia
49%
760'000 Singapur
46%
Keine übereinstimmenden Quizze gefunden
Verteilung der Resultate
Anzahl Personen mit jedem Resultat
Perzentil nach korrekt beantworteten Fragen
Ihre Resultats-Entwicklung
Sie haben dieses Quiz noch nicht gespielt